000
00302nam a22001337a 4500
020
_a
81-7478-505-1
082
_a
894.812.3
_b
SUB/K
100
_a
SUBRAMANIAN, NEELA
245
_a
KUTTIKALUDE RAMAYANAM
260
_a
CHENNAI
_b
SURA BOOKS
_c
2005
300
_a
90
650
_a
RELIGIOUS
_z
INDIA
942
_c
BK
999
_c
5265
_d
5265